000 00196nam a22000737a 4500
999 _c24634
_d24634
003 NUST
005 20170615120233.0
008 140617b xxu||||| |||| 00| 0 eng d
020 _cAvailable
022 _a00221120
040 _aDLC
_bDLC
_cRCMS
082 _a532.14 CAM
100 _aCambridge University Press
_92672
245 _aJournal of Fluid Mechanics vol 691
_cCambridge University Press
260 _aUSA
_bCambridge University Press
_c25,January,2012.
300 _a606,p:
_bill:
_c22,cm.
440 _vVolume : 691
_92702
500 _aContent Continued on inside back cover.
538 _iShelf No 1 Row No 6
651 _aFluid Mechanics
_92703
942 _2ddc
_cCR